Kraje mniejsze od Polski - Statystyki

Ogólne statystyki
  • Ten quiz został rozwiązany 31 razy
  • Średni wynik to 73 z 127
Statystyki odpowiedzi
Hint Odpowiedź % Poprawnych
65 200 km2 Litwa
95%
64 589 km2 Łotwa
95%
83 871 km2 Austria
90%
78 867 km2 Czechy
90%
49 035 km2 Słowacja
90%
0,44 km2 Watykan
90%
45 228 km2 Estonia
86%
41 543 km2 Holandia
86%
70 273 km2 Irlandia
86%
160 km2 Liechtenstein
86%
61 km2 San Marino
86%
20 273 km2 Słowenia
86%
93 028 km2 Węgry
86%
30 528 km2 Belgia
81%
207 600 km2 Białoruś
81%
43 094 km2 Dania
81%
77 474 km2 Serbia
81%
41 277 km2 Szwajcaria
81%
13 940 km2 Bahamy
76%
2,02 km2 Monako
76%
28 748 km2 Albania
71%
51 197 km2 Bośnia i Hercegowina
71%
56 594 km2 Chorwacja
71%
103 000 km2 Islandia
71%
2 586 km2 Luksemburg
71%
92 090 km2 Portugalia
71%
238 391 km2 Rumunia
71%
243 610 km2 Wielka Brytania
71%
751 km2 Dominika
67%
131 957 km2 Grecja
67%
108 889 km2 Gwatemala
67%
120 538 km2 Korea Północna
67%
99 720 km2 Korea Południowa
67%
236 800 km2 Laos
67%
33 851 km2 Mołdawia
67%
176 215 km2 Urugwaj
67%
468 km2 Andora
62%
13 812 km2 Czarnogóra
62%
48 670 km2 Dominikana
62%
17 364 km2 Eswatini
62%
27 750 km2 Haiti
62%
10 991 km2 Jamajka
62%
10 887 km2 Kosowo
62%
110 860 km2 Kuba
62%
30 355 km2 Lesotho
62%
25 713 km2 Macedonia Północna
62%
316 km2 Malta
62%
130 370 km2 Nikaragua
62%
309 500 km2 Oman
62%
75 420 km2 Panama
62%
21 041 km2 Salwador
62%
56 785 km2 Togo
62%
29 743 km2 Armenia
57%
620 km2 Bahrajn
57%
22 966 km2 Belize
57%
283 561 km2 Ekwador
57%
20 770 km2 Izrael
57%
199 951 km2 Kirgistan
57%
298 km2 Malediwy
57%
267 710 km2 Nowa Zelandia
57%
619 km2 Saint Lucia
57%
389 km2 Saint Vincent i Grenadyny
57%
143 100 km2 Tadżykistan
57%
747 km2 Tonga
57%
12 189 km2 Vanuatu
57%
83 600 km2 Zjednoczone Emiraty Arabskie
57%
86 600 km2 Azerbejdżan
52%
110 879 km2 Bułgaria
52%
9 251 km2 Cypr
52%
214 969 km2 Gujana
52%
112 090 km2 Honduras
52%
11 586 km2 Katar
52%
17 820 km2 Kuwejt
52%
702 km2 Mikronezja
52%
261 km2 Saint Kitts i Nevis
52%
693 km2 Singapur
52%
65 610 km2 Sri Lanka
52%
163 820 km2 Surinam
52%
185 180 km2 Syria
52%
35 980 km2 Tajwan
52%
5 128 km2 Trynidad i Tobago
52%
301 340 km2 Włochy
52%
143 998 km2 Bangladesz
48%
430 km2 Barbados
48%
298 170 km2 Filipiny
48%
11 300 km2 Gambia
48%
69 700 km2 Gruzja
48%
245 857 km2 Gwinea
48%
181 035 km2 Kambodża
48%
10 400 km2 Liban
48%
21 km2 Nauru
48%
147 181 km2 Nepal
48%
459 km2 Palau
48%
4 033 km2 Republika Zielonego Przylądka
48%
196 722 km2 Senegal
48%
14 874 km2 Timor Wschodni
48%
163 610 km2 Tunezja
48%
26 km2 Tuvalu
48%
181 km2 Wyspy Marshalla
48%
28 896 km2 Wyspy Salomona
48%
1 001 km2 Wyspy Świętego Tomasza i Książęca
48%
23 200 km2 Dżibuti
43%
117 600 km2 Erytrea
43%
18 274 km2 Fidżi
43%
238 533 km2 Ghana
43%
89 342 km2 Jordania
43%
51 100 km2 Kostaryka
43%
2 831 km2 Samoa
43%
455 km2 Seszele
43%
71 740 km2 Sierra Leone
43%
442 km2 Antigua i Barbuda
38%
38 394 km2 Bhutan
38%
5 765 km2 Brunei
38%
274 200 km2 Burkina Faso
38%
27 830 km2 Burundi
38%
344 km2 Grenada
38%
28 051 km2 Gwinea Równikowa
38%
111 369 km2 Liberia
38%
26 338 km2 Rwanda
38%
241 038 km2 Uganda
38%
112 622 km2 Benin
33%
267 667 km2 Gabon
33%
36 125 km2 Gwinea Bissau
33%
811 km2 Kiribati
33%
2 235 km2 Komory
33%
118 484 km2 Malawi
29%
2 040 km2 Mauritius
29%
Nie znaleziono quizów pasujących do podanych kryteriów
Rozkład punktacji
Procent ludzi z każdym wynikiem
Percentyl według liczby udzielonych odpowiedzi
Twoja historia wyników
Nie rozwiązałeś tego quizu